000 01202nam a2200265Ia 4500
003 OSt
005 20221005104114.0
006 a|||||r|||| 00| 0
007 ta
008 221004b |||||||| |||| 00| 0 san d
020 _a9789385538179 (hbk)
_cINR 2995.00
024 _a29480
037 _b294, 08/03/2017, Eastern Book Linkers
_cTextual
040 _aCRL
_cCRL
_bsan
041 _2san
_asan
082 _aNA44,8(Q:45), 152Q6
100 _aव्यास, जितेन्द्र, ले.
245 0 _aप्रसाद वास्तु वैशिष्ट्यः मारवाड़ राजघराने के विशेष सन्दर्भ में
246 _aPrasād vāstu vaishiṣhṭyah māravāड़ rājagharāne ke visheṣh sandarbha mean
260 _aदिल्ली
_bज्ञानभारती पब्लिकेशन्स भारत
_c2016
300 _a195पृ0
_ccm.
650 _aभारतीय वास्तुकला
942 _hNA44,8(Q:45), 152Q6
_cTEXL
_2cc
999 _c1011728
_d1011728